header

Restoring respect for justice (Record no. 23467)

MARC details
000 -LEADER
fixed length control field 01334nam a2200337Ia 4500
100 1# - MAIN ENTRY--AUTHOR NAME
Personal name Wright, Martin.
245 10 - TITLE STATEMENT
Title Restoring respect for justice
250 ## - EDITION STATEMENT
Edition statement 2nd. ed.
260 ## - PUBLICATION, DISTRIBUTION, ETC. (IMPRINT)
Place of publication England :
Name of publisher Waterside Press,
Year of publication c2008.
300 ## - PHYSICAL DESCRIPTION
Number of Pages x, 249 p.
650 #0 - SUBJECT ADDED ENTRY--TOPICAL TERM
Topical Term Criminal justice, Administration of
Topical Term Criminals
Topical Term Restorative justice
856 40 - ELECTRONIC LOCATION AND ACCESS
Uniform Resource Identifier http://site.ebrary.com/lib/rucke/Doc?id=10696165

No items available.

© 2026 Rongo University
Contact us: librarian | system librarian | Rongo university